000 00705nam a2200289Ia 4500
005 20260324133926.0
008 008 260324s9999 xx 000 0 eng d
020 _a9780203767634
037 _aEBOOK
040 _aCRL
040 _beng
040 _cCRL
041 _2eng
041 _aeng
084 _qCRL
100 _aKirkland C. Vaughns
_91189339
245 0 _aWorking With Children
245 0 _bJournal of Infant, Child, and Adolescent Psychotherapy, 2.2
260 _bTaylor and Francis
260 _c2002
365 _a
365 _b290
856 _uhttp://www.taylorfrancis.com/books/9780203767634
942 _cEBOOK
999 _c1794469
_d1794469